000 00186 a2200097 4500
020 _a9789992471876
041 _aspa
100 _aPablo Antonio Cuadra
245 _aLa cegua
942 _cBK
999 _c11881
_d11881